000 00703nam a22002057a 4500
999 _c10958
_d10958
003 AR-CdUCM
008 190402b ||||| |||| 00| 0 spa d
020 _a84-499-41-73-3
040 _aMUNICIPALIDAD PROVINCIAL DEL CUSCO
_cBIBLIOTECA MUNICIPAL DEL CUSCO
082 _aEP / 463 /
_bM61
245 _aMi primer diccionario /
260 _aBuenos Aires :
_bStudium,
_c1980.
300 _bilustraciones, graficos, dibujos,
_c29 cm.
_a3 tomos ;
500 _aLibro sin numeración
505 _aContenido : t.3 : T-Z / -- t.2: H-S -- t.1: A-G
650 _aEducación primaria
_91561
650 _aEnciclopedias y diccionarios para niños
_928043
942 _2ddc
_cLIBROS
945 _arjall
_d2019-04-04